Law of specific relief : (Record no. 77396)

MARC details
000 -LEADER
fixed length control field 00582nam a22001817a 4500
005 - DATE AND TIME OF LATEST TRANSACTION
control field 20130711161314.0
010 ## - LCCN (DPL NO)
LC control number ENG-107948
020 ## - INTERNATIONAL STANDARD BOOK NUMBER
Terms of availability 1695.00
International Standard Book Number 9789350353103
035 ## - SYSTEM CONTROL NUMBER
System control number EN-91481
037 ## - SOURCE OF ACQUISITION
Source of stock number/acquisition DBAD/PUB
100 ## - MAIN ENTRY--PERSONAL NAME
Personal name Banerjee, S.C.
245 00 - TITLE STATEMENT
Title Law of specific relief :
Statement of responsibility, etc by S.C Banerjee
Remainder of title Tagore law lectures /
260 ## - PUBLICATION, DISTRIBUTION, ETC. (IMPRINT)
Place of publication, distribution, etc Delhi
Name of publisher, distributor, etc Universal Law Publishing Co.
Date of publication, distribution, etc 2013
270 ## - ADDRESS
Address C-FF-1A, Dilkhus Industrial Estate, (Near Azadpur Metro Station) G.T. Karnal Road,
City Delhi
Postal code 110033
300 ## - PHYSICAL DESCRIPTION
Extent ccxl,1262p.
Dimensions 28cm(Hb)
500 ## - GENERAL NOTE
General note Includes index
942 ## - ADDED ENTRY ELEMENTS (KOHA)
Source of classification or shelving scheme Dewey Decimal Classification
Item type English Books
Call number suffix BAN
Holdings
Withdrawn status Lost status Not for loan Collection code Home library Current library Date acquired Source of acquisition Cost, normal purchase price Full call number Barcode Copy number Cost, replacement price Koha item type
    Not For Loan Non-fiction D.B.Act.Division D.B.Act.Division 11/07/2013 DBAD/PUB 1695.00 BAN EN-91481 1 1695.00 English Books

© Delhi Public Library
Hit Counter
free hit counter